000 01086nac a22003377a 4500
001 BR9903885
003 BR-BrBNA
005 20240105122250.0
008 230509b bl.|||m| |||| 00| 0 por d
040 _aBR-BrBNA
_bpor
_cBiblioteca Nacional de Agricultura
072 _aF02; E21
090 _a1190 BR9903885
100 1 _aSouza, F.X. de
110 1 _aCentro Nacional de Pesquisa de Agroindustria Tropical, Fortaleza, CE (Brasil)
245 1 _aSpondias agroindustriais e os seus metodos de propagacao
260 3 _aFortaleza, CE (Brasil):
_c1998.
300 _a28 p.
490 _aDocumentos - Centro Nacional de Pesquisa de Agroindustria Tropical (Brazil)
_vno. 27
_xISSN 0103-5797
500 _aSummaries (En, Pt); 26 illus.; 16 ref.
650 _aCaja
650 _aCajarana
650 _aCeriguela
650 _aUmbu
650 _aPropagacao Vegetativa
650 _aReproducao Sexuada
650 _aReproducao Assexuada
650 _aIndustria Agricola
650 _aNordeste
909 _a202312
_bLúcia Elande
_c55
_dLúcia Elande
942 _2AGRIS
_n0
_cMS
999 _c290104
_d290104